000 00414nam a2200157Ia 4500
003 GCL
008 140319s9999 xx 000 0 ara d
040 _aGCL /
_cGCL
082 0 4 _aد
_b050
100 1 _aرشاد ارغوث
245 1 0 _aفى بطون الليالى (اقرا 130 ) /
_cرشاد ارغوث
300 _a141 ص
490 _aاقرأ
_v0
650 0 4 _aالقصص القصيرة
942 _2ddc
_cBK
999 _c49431
_d49431